Statystyki dla rozpoznaj flage państwa po opisie

Kliknij tutaj aby rozwiązać quiz!

Ogólne statystyki

  • Ten quiz został rozwiązany 51 razy
  • Średni wynik to 3 z 5

Statystyki odpowiedzi

opisodpowiedz% Poprawnych
Ma znak judaizmu na
swojej fladze.
Izrael
84%
Ma 5 żółtych gwiazd i czerwone
tło.
Chiny
71%
Ta flaga jako
jedyna
nie ma koloru
czerwonego,
niebieskiego,
białego.Ma żółty
krzyż.
Jamajka
60%
Ma na fladze 5 czerwonych
krzyży.
Gruzja
56%
Ma kolor czerwony na dole a
biały.w lewym górnym rogu
jest niebieski kwadrat z gwiazdą
Chile
38%

Rozkład punktacji

Percentyl według liczby udzielonych odpowiedzi

Procent ludzi z każdym wynikiem

Twoja historia wyników

Nie rozwiązałeś tego quizu